Atención a la diversidad en la enseñanza y el aprendizaje

Gardado en:
Detalles Bibliográficos
Main Authors: O'Brien, Tim (autor), Guiney, Dennis (Author)
Formato: Libro
Idioma:Lingua castelá
Publicado: Madrid Alianza 2003
Edición:1a. ed
Series:Alianza Ensayo
Subjects:
Tags: Engadir etiqueta
Sen Etiquetas, Sexa o primeiro en etiquetar este rexistro!

MARC

LEADER 00000nam a2200000 a 4500
001 UCG5080
003 CL-VaPUC
008 110106e20030000SP |||||||||||||||||spa|d
020 |a 8420633968 
082 0 4 |a 371.9046  |b OBR  |2 21 
100 |a O'Brien, Tim  |e autor  |9 554630 
700 0 |a Guiney, Dennis  |e author  |9 554631 
245 1 0 |a Atención a la diversidad en la enseñanza y el aprendizaje 
250 |a 1a. ed 
300 |a 211 p 
942 |c BK 
945 |d 20110106 00:00:00  |a cmena 
260 |a Madrid  |b Alianza  |c 2003 
650 0 |a Educación especial  |9 307486 
650 0 |a Integración escolar  |9 312238 
650 7 |a RELACION DOCENTE-ALUMNO  |2 CL-VaPUC  |9 307734 
650 0 |a Métodos de enseñanza  |9 270413 
650 0 |a Autoestima  |9 308492 
650 0 |a Psicología educacional   |9 307830 
583 |a last modification  |c 20130101 10:34:41  |k Rodrigo Vera 
490 0 |a Alianza Ensayo 
999 |c 343652  |d 343650 
952 |0 0  |1 0  |4 0  |6 371_904600000000000_OBR_2003  |7 0  |8 A  |9 441121  |a BIBEDU  |b BIBEDU  |c ES_NOD  |d 2019-11-22  |i 4743253  |l 1  |o 371.9046 OBR 2003  |p 4743253  |r 2024-04-05  |s 2024-03-28  |w 2019-11-22  |y BK  |k EPE